01472 a2200229 4500003000500000005001700005010001600022020001500038040000900053082001700062100003000079245003600109250001200145260005500157300003200212505076300244650002901007650003401036942001201070999001901082952014101101Nust20221212122047.0 a 00031346 a812970711X cNust00a621.3821,RAM1 aRamteke, Timothy.910464310aNetworks /cTimothy S. Ramteke. a2nd ed. aUpper Saddle River, N.J. :bPrentice Hall,cc2001. axiv, 705 p.bill. ;c24 cm. a Welcome to Telecommunication (Page-1), Basics of Data Networking (Page-23), Analog and Digital Signals (Page-48), Transmission Systems (Page-79), Business Systems (Page-79), Residential Network Services (Page-126), LANs : Basic Concepts (Page-140), TCP/IP : Basic Concepts (Page-206), Switching (Page-222), PSTN (Page-236) Wireless Communication and CDMA (Page-261), Private Switched Networks (Page-294), Voice Processing ACDs and CTI (Page-316), T1 Networking (Page-339) SNA (Page-365), X.25 (Page-396), SS7 (Page-418), ISDN (Page-443), SONET (Page-466), Frame Relay (Page-478), ATM (Page-500), LANS Additional Concepts (Page-519), Bridging and Rounding (Page-563), TCP/ IP Additional Concepts (Page-589), Linux Administration (Page-639), VPNs (Page-672). 0aComputer networks.93677 0aTelecommunication Engineering 2ddccBK c182638d182638 00102ddc4070aMCSbMCScGENd2016-12-12l1o621.3821,RAMpMCS32520r2025-01-07s2024-07-11w2016-12-12yBKzAlmirah No.36, Shelf No.2